| 000 | 00532nam a2200181 a 4500 | ||
|---|---|---|---|
| 005 | 20140310183535.0 | ||
| 008 | 111115s19uu xx 00 eng d | ||
| 020 | _a978-981-4319-87-4 | ||
| 100 | _aMasters, L. Ann | ||
| 245 |
_aPersonal development for work and life / _cL. Ann Masters, Harold R. Wallace. |
||
| 260 |
_aSingapore : _bCengage Learning Asia, _c2011. |
||
| 300 | _a456 | ||
| 650 | _aVocational guidance | ||
| 650 | _aSuccess | ||
| 650 | _aPersonality and occupation | ||
| 700 | _aWallace, Harold R. | ||
| 942 | _cBK | ||
| 999 |
_c24707 _d24707 |
||